| 000 | 00355cam a22001452a 4500 | ||
|---|---|---|---|
| 001 | 000324 | ||
| 003 | AR-FADEU | ||
| 008 | 311216n2005####xxu####################dd | ||
| 245 | _aCurso sobre minoridad y familia | ||
| 260 | _bUniversidad Nacional del Comahue | ||
| 260 | _aNeuquén | ||
| 260 | _c2005 | ||
| 650 | _aMINORIDAD Y FAMILIA | ||
| 942 | _cFOLLETO | ||
| 999 |
_c1133 _d1133 |
||